00819cam a2200229 i 450000100060000000300080000600500170001400800390003102000170007003500190008704000230010604100110012908200300014010000200017024500920019026000860028230000400036850000750040850000200048350400300050365000560053317370BD-RjUL20211209000128.0140216s1975 enkab b 001 0 eng a0347010776 : a(BD-RjUL)17428 aDLCcDLCdDLCbeng1 aengfre00a338.27282091822bMAP 19751 aMadelin, Henri.10aOil and politics /c[by] Henri Madelin ; translated from the French by Margaret Totman. aFarnborough, Hants. :bSaxon House ;aLexington, Mass. :bLexington Books,c1975. avii, 241 p. :bill., maps ;c24 cm. aTranslation of Pétrole et politique en Méditerranée occidentale. aIncludes index. aBibliography: p. 231-235. 0aPetroleum industry and tradezMediterranean region.